000 01382nam0a22002651 4500
001 rc\2574651
005 20230414151846.0
035 _a(NLR Aleph) 006739331
090 _a5627416
_c5627416
100 _a20110914d1928 |||y0rusy50 ca
101 0 _arus
102 _aRU
105 _aa z |||||
200 1 _aМетодика социально-гигиенических исследований
_e(Санитарная статистика, антропометрия и вариационная статистика)
_eКонспект практич. работ со студентами Медиц. фак-та Т.Г.У.
_fД-р И. М. Булаев ассистент Кафедры соц. гигиены Томск. госуд. ун-та
_gС предисл. проф. В. Я. Нагнибеда
210 _a[Томск]
_cСтуденческая науч.-медиц. секция Томск. гос. ун-та
_d1928
_gтип. изд-ва "Красное знамя"
215 _a31 с.
_cчерт., граф.
_d28х18 см.
320 _aБиблиография: "Литература" (15 названий)
700 1 _aБулаев
_bИ. М.
_f1895-
_gИван Михайлович
702 1 _aНагнибеда
_bВ. Я.
_4080
801 0 _aRU
_bNLR
_gpsbo
801 1 _aRU
_bELAR
_2rusmarc
852 _aNLR
_j59/713
942 _cBOOK
980 _aNB